Delfines de Francia - Estadísticas

Estadísticas generales
  • Esta prueba ha sido intentada 24 veces
  • La puntuación promedio es 25 de 27
Estadísticas de respuestas
Período Nombre % Correcto
1824-1830 Luis Antonio de Borbón
100%
1789-1791 Luis Carlos de Borbón
100%
1601-1610 Luis de Borbón
100%
1638-1643 Luis de Borbón
100%
1661-1711 Luis de Borbón
100%
1711-1712 Luis de Borbón
100%
1712 Luis de Borbón
100%
1712-1715 Luis de Borbón
100%
1729-1765 Luis de Borbón
100%
1765-1774 Luis de Borbón
100%
1401-1415 Luis de Valois
100%
1423-1461 Luis de Valois
100%
1781-1789 Luis José de Borbón
100%
1350-1364 Carlos de Valois
88%
1368-1380 Carlos de Valois
88%
1386 Carlos de Valois
88%
1392-1401 Carlos de Valois
88%
1417-1422 Carlos de Valois
88%
1470-1483 Carlos de Valois
88%
1496 Carlos de Valois
88%
1492-1495 Carlos Orlando de Valois
88%
1536-1547 Enrique de Valois
88%
1415-1417 Juan de Valois
76%
1466 Francisco de Valois
71%
1497 Francisco de Valois
71%
1518-1536 Francisco de Valois
71%
1547-1559 Francisco de Valois
71%
No se encontraron pruebas coincidentes
Distribución de puntuación
Porcentaje de gente con cada puntuación
Porcentaje por número respondido
Historial de tus puntuaciones
No has intentado esta prueba.